000 00580pam a2200217 a 4500
001 1462617
005 20180227081230.0
008 870109s1987 nyu b 001 0 eng
010 _a 86030214
020 _a0202303373 (pbk.) :
_c$11.95
040 _aDLC
_cDLC
_dDLC
041 _aeng
080 _a361.1 SPE
082 0 0 _a361.1 SPE
_219
100 1 _a50
101 _aSOC
245 1 0 _aConstructing social problems /
_cMalcolm Spector, John I. Kitsuse.
504 _aBibliography: p. 172-180.
906 _a7
_bcbc
_corignew
_d1
_eocip
_f19
_gy-gencatlg
942 _2ddc
_cBK
999 _c43621
_d43621